Multiple Choice City Quiz - Charleston - Statistics

General Stats
  • This quiz has been taken 60 times
  • The average score is 6 of 10
Answer Stats
Question Answer % Correct
What is Rainbow Row? A beautiful street with houses painted in rainbow colors
88%
Which notable Fort in Charleston was shot at first, beginning the U.S. Civil War? Fort Sumter
88%
What hurricane devastated Charleston in 1989? Hurricane Hugo
69%
What is the name of the oldest living tree East of the Mississippi River, found in Charleston? Angel Oak
63%
What was the original name of Charleston? Charles Towne
54%
Which Caribbean city inspired architecture and culture of Charleston? Bridgetown, Barbados
48%
Which fruit is a popular representation of hospitality in Charleston? Pineapple
46%
What is the nickname given to Charleston? The Holy City
37%
When was Charleston founded? 1670
33%
How many consecutive years has Charleston been voted the most beautiful city in the United States? 12
31%
No matching quizzes found
Score Distribution
Percent of People with Each Score
Percentile by Number Answered
Your Score History
You have not taken this quiz